000 00483nam a2200181Ia 4500
008 090123s9999 xx 000 0 und d
082 _b994
100 _aतेंडुलकर विजय
245 _aगाणे
250 _a1
260 _bभागवत वा.पु.
300 _a147
600 _aतेंडुलकर विजय
630 _aगाणे
700 _aतेंडुलकर विजय
730 _aगाणे
942 _cBOOK
999 _c39079
_d39079